Nghiên cứu nhu cầu dinh dưỡng và chế biến thức ăn nuôi cá basa (Pangasius bocourti) : Báo cáo tổng kết đề tài nghiên cứu cấp trường

Wedi'i Gadw mewn:
Manylion Llyfryddiaeth
Awduron Corfforaethol: Trường Đại học Cần Thơ, Khoa Nông nghiệp
Fformat: Llyfr
Iaith:Undetermined
Cyhoeddwyd: Cần Thơ Trường Đại học Cần Thơ 1999
Pynciau:
Tagiau: Ychwanegu Tag
Dim Tagiau, Byddwch y cyntaf i dagio'r cofnod hwn!
Thư viện lưu trữ: Trung tâm Học liệu Trường Đại học Cần Thơ
LEADER 00834nam a2200205Ia 4500
001 CTU_161610
008 210402s9999 xx 000 0 und d
082 |a 639.31 
082 |b Tr561 
110 |a Trường Đại học Cần Thơ 
110 |b Khoa Nông nghiệp 
245 0 |a Nghiên cứu nhu cầu dinh dưỡng và chế biến thức ăn nuôi cá basa (Pangasius bocourti) : 
245 0 |b Báo cáo tổng kết đề tài nghiên cứu cấp trường 
245 0 |c Trường Đại học Cần Thơ. Khoa Nông nghiệp 
260 |a Cần Thơ 
260 |b Trường Đại học Cần Thơ 
260 |c 1999 
650 |a Cá nước ngọt,Freshwater fishes 
904 |i Trọng Hải 
980 |a Trung tâm Học liệu Trường Đại học Cần Thơ